Najnáročnejší je začiatok
Len výrobca alebo dovozca pokladníc, ktorý požiadal o recertifikáciu pokladničného softvéru v súlade s platnou legislatívou, môže ponúkať obchodníkom modely pokladníc so softvérom, ktoré plne podporujú euro.
Salvato in:
| Autore principale: | |
|---|---|
| Natura: | Capitolo di libro |
| Lingua: | slovacco |
| Soggetti: | |
| Tags: |
Nessun Tag, puoi essere il primo ad aggiungerne!!
|
MARC
| LEADER | 00000naa$a2200000$$$4500 | ||
|---|---|---|---|
| 001 | 0076826 | ||
| 005 | 20231128093010.3 | ||
| 041 | 0 | |a slo | |
| 044 | |a SK | ||
| 245 | 1 | 0 | |a Najnáročnejší je začiatok |c Iveta Virgovičová |
| 520 | |a Len výrobca alebo dovozca pokladníc, ktorý požiadal o recertifikáciu pokladničného softvéru v súlade s platnou legislatívou, môže ponúkať obchodníkom modely pokladníc so softvérom, ktoré plne podporujú euro. | ||
| 610 | 2 | 0 | |a euro |
| 610 | 2 | 0 | |a pokladnice registračné |
| 610 | 2 | 0 | |a softvér |
| 610 | 2 | 0 | |a Slovensko |
| 100 | 1 | |a Virgovičová, Iveta | |